| 000 | 00630nam a2200217 a 4500 | ||
|---|---|---|---|
| 001 | 55839 | ||
| 003 | BD-RjUL | ||
| 005 | 20211209080324.0 | ||
| 008 | 161122s1922 enk 00000 eng d | ||
| 035 | _a(BD-RjUL)55963 | ||
| 040 |
_aANL _beng _cBD-RjUL _dBD-RjUL |
||
| 041 | _aeng | ||
| 082 | 0 |
_a821.912 _223 _bHOL 1922 |
|
| 100 | 1 |
_aHousman, A. E. _9166254 |
|
| 245 | 1 | 0 |
_aLast poems / _cA.E. Houseman |
| 260 |
_aLondon : _bThe Richards Press, _c1922. |
||
| 300 |
_axii, 61 p. ; _c19 cm. |
||
| 650 |
_aAmerican poetry _y19th century _zAmerican poetry _9166255 |
||
| 650 |
_zAmerican poetry _y20th century _9166256 |
||
| 942 |
_2ddc _cBK |
||
| 999 |
_c55839 _d55839 |
||